Statistics for Top spoken languages in North America

Click here to take the quiz!

General Stats

  • This quiz has been taken 61 times
  • The average score is 7 of 10

Answer Stats

Answer% Correct
English
100%
French
98%
Spanish
98%
German
89%
Chinese
76%
Italian
73%
Arabic
67%
Korean
55%
Tagalog
45%
Vietnamese
45%

Score Distribution

Percentile by Number Answered

Percent of People with Each Score

Your Score History

You have not taken this quiz